000 00739nac a22001931u 4500
010 _a 63021000
082 0 0 _a621.388
_bG8731
090 _c4451
_d4451
100 _aGrob, Bernard.
245 1 0 _aBasic television; principles and servicing/
_cBernard Grob
250 _a3rd ed.
260 _aNew York:
_bMcGraw-Hill,[1964]
_c[1964]
300 _axvii, 653 p.
_billus. (part fold., part col.)
_c25 cm.
500 _aFourth ed. published 1975 under title: Basic TV, principles in servicing.
504 _aBibliography: p. 637-638.
650 0 _aTelevision.
942 _cBB
_k621.388G8731
999 _c4451
_d4451